Datum a čas kvízu
27
Celkem bodů
Celkový počet nahraných bodů na tomto kvízu bez doplňovacích otázek.
6.
Pořadí na kvízu
Konečné umístění týmu na tomto kvízu.
Zaznamenané odpovědi
| # | Otázka | Odpověď | Body | Výsledky |
|---|---|---|---|---|
| 1. | Pražskou policii od minulého p... | 1 | ||
| 2. | Věznice ve městě Boram na seve... | 1 | ||
| 3. | Z obrazovek Primy zmizí dva os... | 1 | ||
| 4. | Známá společnost v úterý otevř... | 1 | ||
| 5. | Majitel anglického fotbalového... | 1 | ||
| 6. | Toto téma je dalším, které jst... | 0 | ||
| 7. | Erbenova Kytice obsahuje 13 bá... | 0 | ||
| 5. | Doplňte zcela přesně jméno z t... | 0 | ||
| 5. | Jak se jmenoval levicový uměle... | 0 | ||
| 10. | Jakub Arbes, mladší kolega a p... | 0 |